Understanding India (VAC1A)/ (Record no. 11911)

MARC details
000 -LEADER
fixed length control field 00616nam a22002177a 4500
005 - DATE AND TIME OF LATEST TRANSACTION
control field 20260515115035.0
008 - FIXED-LENGTH DATA ELEMENTS--GENERAL INFORMATION
fixed length control field 240903b |||||||| |||| 00| 0 eng d
020 ## - INTERNATIONAL STANDARD BOOK NUMBER
International Standard Book Number 9789358490220
040 ## - CATALOGING SOURCE
Original cataloging agency IN-DiNC
Transcribing agency IN-DiNC
041 ## - LANGUAGE CODE
Language code of sung or spoken text eng
082 ## - DEWEY DECIMAL CLASSIFICATION NUMBER
Classification number 954
Item number SAR
100 ## - MAIN ENTRY--PERSONAL NAME
Personal name Sarker, Tanusree
Relator term author
245 ## - TITLE STATEMENT
Title Understanding India (VAC1A)/
Statement of responsibility, etc. by Tanusree Sarker, Kakali Das and Tinamoni Rajkumari
250 ## - EDITION STATEMENT
Edition statement 2nd ed.
260 ## - PUBLICATION, DISTRIBUTION, ETC.
Place of publication, distribution, etc. Dibrugarh:
Name of publisher, distributor, etc. Banalata,
Date of publication, distribution, etc. 2024.
300 ## - PHYSICAL DESCRIPTION
Extent 88p.
650 ## - SUBJECT ADDED ENTRY--TOPICAL TERM
Topical term or geographic name entry element Indian Constitution
700 ## - ADDED ENTRY--PERSONAL NAME
Personal name Das, Kakali
Relator term author
700 ## - ADDED ENTRY--PERSONAL NAME
Personal name Rajkumari, Tinamoni
Relator term author
942 ## - ADDED ENTRY ELEMENTS (KOHA)
Source of classification or shelving scheme Dewey Decimal Classification
Koha item type Books
Holdings
Withdrawn status Lost status Source of classification or shelving scheme Damaged status Not for loan Collection Home library Current library Shelving location Date acquired Cost, normal purchase price Total checkouts Full call number Barcode Date last seen Date last checked out Copy number Price effective from Koha item type
    Dewey Decimal Classification       Naharkatiya College Library Naharkatiya College Library General stacks 09/03/2024 90.00 1 954 SAR 30029 11/12/2025 11/11/2025 1 09/03/2024 Books
    Dewey Decimal Classification       Naharkatiya College Library Naharkatiya College Library General stacks 09/03/2024 90.00 2 954 SAR 30030 12/13/2024 11/26/2024 2 09/03/2024 Books
    Dewey Decimal Classification       Naharkatiya College Library Naharkatiya College Library General stacks 09/03/2024 90.00 4 954 SAR 30031 11/25/2025 11/11/2025 3 09/03/2024 Books
    Dewey Decimal Classification       Naharkatiya College Library Naharkatiya College Library General stacks 09/03/2024 90.00 1 954 SAR 30032 10/26/2024 09/13/2024 4 09/03/2024 Books
    Dewey Decimal Classification       Naharkatiya College Library Naharkatiya College Library General stacks 09/03/2024 90.00   954 SAR 30033 09/03/2024   5 09/03/2024 Books